Datum a čas kvízu
35
Celkem bodů
Celkový počet nahraných bodů na tomto kvízu bez doplňovacích otázek.
3.
Pořadí na kvízu
Konečné umístění týmu na tomto kvízu.
Zaznamenané odpovědi
| # | Otázka | Odpověď | Body | Výsledky |
|---|---|---|---|---|
| 1. | Ve věku 97 let nás opustil Jiř... | D) stenograf | 0 | |
| 2. | V pondělí začalo největší nábo... | v Indii | 0 | |
| 3. | Jedno české hudební vydavatels... | Supraphon, Sony (Music Entertainment) | 1 | |
| 4. | Jak se nazývá kryptoměna, kter... | $Trump | 0 | |
| 5. | Dva extraligové hokejové kluby... | HC Dynamo Pardubice, HC Vítkovice | 1 | |
| 6. | Který legendární řemeslník pos... | Daidalos | 0 | |
| 7. | Labyrint je specializovaný org... | D | 0 | |
| 8. | Labyrinty jsou oblíbeným motiv... | Piet Mondrian | 0 | |
| 9. | Která kost lebky obsahuje kost... | kost spánková | 1 | |
| 10. | Jak se jmenuje kniha, v níž vy... | Labyrint světa a ráj srdce | 1 |